UBT Library

Essential biology / (Record no. 47135)

000 -LEADER
fixed length control field 00715cam a22002294a 4500
001 - CONTROL NUMBER
control field 12228906
005 - DATE AND TIME OF LATEST TRANSACTION
control field 20180814071529.0
008 - FIXED-LENGTH DATA ELEMENTS--GENERAL INFORMATION
fixed length control field 001109s2001 caua 001 0 eng
010 ## - LIBRARY OF CONGRESS CONTROL NUMBER
LC control number 00065587
020 ## - INTERNATIONAL STANDARD BOOK NUMBER
International Standard Book Number 0805373934 (pbk. : alk. paper)
040 ## - CATALOGING SOURCE
Original cataloging agency DLC
Transcribing agency DLC
Modifying agency DLC
041 ## - LANGUAGE CODE
Language code of text/sound track or separate title eng
042 ## - AUTHENTICATION CODE
Authentication code pcc
080 ## - UNIVERSAL DECIMAL CLASSIFICATION NUMBER
Universal Decimal Classification number 570
082 00 - DEWEY DECIMAL CLASSIFICATION NUMBER
Classification number 570
Edition number 21
100 1# - Rafti
Rafti 12
101 ## - Shkurtesa
Shkurtesa BIO
245 10 - TITLE STATEMENT
Title Essential biology /
Statement of responsibility, etc Neil A. Campbell, Jane B. Reece.
906 ## - LOCAL DATA ELEMENT F, LDF (RLIN)
a 7
b cbc
c orignew
d 1
e ocip
f 20
g y-gencatlg
942 ## - ADDED ENTRY ELEMENTS (KOHA)
Source of classification or shelving scheme
Item type Books
Holdings
Withdrawn status Lost status Source of classification or shelving scheme Damaged status Not for loan Collection code Permanent location Current location Shelving location Date acquired Total Checkouts Full call number Barcode Date last seen Price effective from Koha item type
          Koleksioni i përgjithshem UBT - Lipjan UBT - Lipjan Koleksioni i përgjithshem 08/14/2018   570 REE 002-3010916 08/14/2018 08/14/2018 Books
UBT Library © 2015-2024. All rights reserved University Education for Business and Technology